| 000 | 00635nam a2200181 a 4500 | ||
|---|---|---|---|
| 001 | 000044542 | ||
| 005 | 20201002045440.0 | ||
| 008 | 140711s2011 bl abc 000 0 spa d | ||
| 020 | _a9788599719121 | ||
| 040 |
_aDO-SdBNP _bspa _cBNPHU |
||
| 082 |
_axxxx _bxxxx |
||
| 100 | 1 |
_aGalland, Adolf _d1912- _972554 |
|
| 240 | 1 | 0 |
_aDie Ersten und die Letzen _lEspañol |
| 245 | 1 | 0 |
_aO primeiro e o último / _cAdolf Galland ; tradução Andréa Pacheco Brandão de Souza Spada. |
| 260 |
_aSao Paulo : _bC&R editorial, _c2011. |
||
| 300 |
_a552 p. : _bil., mapas, retrs. ; _c23 cm. |
||
| 700 | 1 | 2 |
_aBrandão de Souza Spada, Andréa Pacheco _etr. _972555 |
| 999 |
_c44031 _d44031 |
||